| 000 | 00483nam a2200181 4500 | ||
|---|---|---|---|
| 020 | _a0416742904 (pbk.) : | ||
| 020 | _a0416742807 (hard) : | ||
| 040 | _cDLC | ||
| 082 | 0 | _a363 MET 1982 A013 Or. | |
| 100 | 1 | 0 | _aShort, John R |
| 245 | 1 | 0 |
_aHousing in Britain : _bthe post-war experience / |
| 260 | 0 |
_aLondon ; _aNew York : _bMethuen, _c1982 |
|
| 300 |
_axv, 255 p. : _bill. ; _c22 cm |
||
| 500 | _aIncludes indexes | ||
| 650 | 0 | _aHousing | |
| 650 | 0 | _aHousing policy | |
| 942 | _cEK | ||
| 999 |
_c13140 _d13140 |
||